| 000 | 00749cam a22002771 4500 | ||
|---|---|---|---|
| 001 | 14444712 | ||
| 003 | NUST | ||
| 005 | 20221027144615.0 | ||
| 008 | 060710s1960 nyu 000 0 eng | ||
| 010 | _a 60008661 | ||
| 020 | _a9788172237639 | ||
| 040 |
_aDLC _cDLC _dDLC |
||
| 050 | 0 | 0 |
_aHV1672 _b.W55 1960 |
| 082 |
_a813 _bWIS |
||
| 100 | 1 |
_aWise, Janet. _9101535 |
|
| 245 | 1 | 0 |
_aThe black silk road/ _cby Janet Wise |
| 260 |
_aNew York, _c2009 _bHarper Collins |
||
| 300 |
_a439 p. _c23 cm. |
||
| 650 | 0 |
_aPress and politics _9101536 |
|
| 650 | 0 | _aPakistan | |
| 650 | 0 |
_aAssassination _9101537 |
|
| 906 |
_a0 _bcbc _cpremunv _du _encip _f19 _gy-gencatlg |
||
| 942 |
_2ddc _cBK |
||
| 999 |
_c592058 _d592058 |
||